000 00573nam a2200145Ia 4500
008 100204s9999 xx 000 0 und d
082 _b13404
100 _aम्हमाणे चंद्रशेखर
245 _aपंजाब - रक्त आणि अश्रू
260 _b"बाबुराव चन्नप्पा चाकोते, सोलापुर"
_c1990
300 _a100
630 _aपंजाब - रक्त आणि अश्रू
730 _aपंजाब - रक्त आणि अश्रू
942 _cBOOK
999 _c457836
_d457833